000
00328nam a22001337a 4500
008
170606b xxu||||| |||| 00| 0 eng d
020
_a
9780195038385
041
_a
eng
080
_a
94(6)
100
_a
18
101
_a
SHH
245
_a
AFRICAN SLAVERY IN LATIN AMERICA AND THE CARIBBEAN
_c
KLEIN.H.S
942
_2
udc
_c
BK
999
_c
16105
_d
16105